000 04852cam a2201813 4500
003 PE-LiUPU
005 20250813170020.0
008 001124s2000 sp | ||| ||spa
020 _a9788448128159
040 _aPE-LiUPU
_bspa
_cPE-LiUPU
_erda
080 _a347.72.047
082 _223
_a658.16
_bM395f
100 1 _aMascareñas Pérez-Íñigo, Juan
_0XX1104184
_eautor.
245 1 0 _aFusiones y adquisiciones de empresas :
_cJuan Mascareñas Pérez-Íñigo.
250 _aTercera edición.
264 _aMadrid :
_bMcGraw-Hill, Interamericana de España,
_c[2000].
300 _a438 páginas :
_bilustrado ;
_c24 centímetros.
490 _a(Serie McGraw-Hill de management)
500 _aÍndice
504 _aIncluye bibliografía.
505 _aRazones económicas de las fusiones y adquisiciones de empresas -- La búsqueda de la empresa a adquirir -- Fusiones y adquisiciones negociadas -- Adquisiciones hostiles -- La compra de empresas mediante apalancamiento financiero (I): LBO -- La compra de empresas mediante apalancamiento financiero (II) : LBU y LESOP -- Otras formas de reestructuración empresarial-- La valoración de la empresa (I): el coste del capital -- La valoración de la empresa (II): dividendos y multiplicadores -- La valoración de la empresa (III): el flujo de caja libre -- La valoración de la empresa (IV): casos especiales -- La valoración de la empresa (V): opciones reales -- La revisión del negocio, diligencia debida o due diligence, en procesos de fusiones y adquisiciones.
526 _aP203
526 _aP200
526 _aSEG65
526 _aSEG64
526 _aSEG63
526 _aSEG62
526 _aSEG61
526 _aSEG60
526 _aSEG59
526 _aSEG58
526 _aSEG57
526 _aSEG56
526 _aSEG55
526 _aSEG54
526 _aSEG53
526 _aSEG52
526 _aSEG51
526 _aSEG50
526 _aSEG49
526 _aSEG48
526 _aSEG47
526 _aSEG46
526 _aSEG24
526 _aSEG23
526 _aSEG22
526 _aSEG21
526 _aSEG20
526 _aSEG19
526 _aSEG18
526 _aSEG17
526 _aSEG16
526 _aSEG14
526 _aSEG13
526 _aSEG12
526 _aSEG11
526 _aSEG10
526 _aSEG09
526 _aSEG06
526 _aSEG05
526 _aSEG04
526 _aSEG03
526 _aSEG02
526 _aSEG68
526 _aSEG66
526 _aSEG45
526 _aSEG25
526 _aSEG01
526 _aP163
526 _aP162
526 _aP161
526 _aP160
526 _aP159
526 _aP158
526 _aP157
526 _aP156
526 _aP155
526 _aP154
526 _aP153
526 _aP152
526 _aP151
526 _aP150
526 _aP149
526 _aP142
526 _aP141
526 _aP140
526 _aP139
526 _aP138
526 _aP137
526 _aP132
526 _aP131
526 _aP130
526 _aP126
526 _aP125
526 _aP124
526 _aP123
526 _aP115
526 _aP122
526 _aP121
526 _aP116
526 _a P114
526 _aP112
526 _aP111
526 _aP104
526 _aP103
526 _aP102
526 _aP101
526 _aP100
526 _aP96
526 _aP95
526 _aP93
526 _aP92
526 _aP91
526 _aP88
526 _aP83
526 _aP82
526 _aP79
526 _aP78
526 _aP75
526 _aP74
526 _aP71
526 _aP69
526 _a P51
526 _aP49
526 _aP48
526 _aP47
526 _aP33
526 _aP31
526 _a P30
526 _aP29
526 _aP27
526 _aP26
526 _aP25
526 _aP24
526 _a P22
526 _aP10
526 _aP09
526 _a P08
526 _aP06
526 _aP05
526 _aP04
526 _aP01
650 1 7 _aSociedades
_xFusión
_2embne
650 2 4 _aAdquisiciones de empresas
_94098
650 2 4 _aCompañías consolidadas
_94100
942 _2ddc
_cBK
_n0
956 _a2
980 _aChristian Lazo Analista Documental
_a84-481-2815-X
_aSpMaBN
_bBNALCALA
_j12/47878
_cSG_PETANTI
_618228
_81
_gALBERTO SANCHEZ Responsable de Automatización
980 _aM 24429-2000
_a84-481-2815-X
_aSpMaBN
_bBNALCALA
_jAHM/490130
_cSG_PETANTI
980 _aM 11641-2001
_a84-481-2815-X
_aSpMaBN
_bBNALCALA
_jAHM/515344
_cSG_PETANTI
980 _aM 11641-2001
_a84-481-2815-X
_aSpMaBN
_bBNALCALA
_jAHM/539555
_cSG_PETANTI
980 _aM 24429-2000
_a84-481-2815-X
_aSpMaBN
_bBNALCALA
_jDL/1017835
_cCONSERVACI
980 _aM 11641-2001
_a84-481-2815-X
_aSpMaBN
_bBNALCALA
_jDL/1057812
_cCONSERVACI
999 _c62447
_d62446